Score 0/154 Timer 03:00
3 Plays Today
% Correct
the
97.8%
the
97.8%
the
97.8%
the
97.7%
the
97.7%
the
97.7%
the
97.7%
the
97.7%
the
97.7%
tree
95.1%
tree
95.1%
tree
95.1%
tree
95.1%
tree
95.1%
tree
95.1%
tree
95.1%
tree
95.1%
a
94.5%
a
94.5%
you,
90.5%
you,
90.5%
you,
90.5%
you,
90.5%
you,
90.5%
you,
90.5%
you
90.5%
you,
90.5%
you,
90.5%
I
87.9%
hanging
87.1%
hanging
87%
hanging
87%
hanging
87%
to
86.3%
to
86.3%
to
86.3%
to
86.3%
to
86.3%
to
86.3%
Are
81.6%
are
81.6%
Are
81.6%
are
81.6%
Are
81.6%
are
81.6%
Are
81.6%
are
81.6%
me
77.4%
we
76.3%
we
76.3%
we
76.3%
we
76.3%
% Correct
be
75.9%
be
75.9%
be
75.9%
be
75.9%
be
75.9%
Coming
72.6%
Coming
72.6%
Coming
72.6%
coming
72.6%
they
70.7%
they
70.7%
it
70.5%
it
70.5%
it
70.5%
it
70.5%
in
69.3%
in
69.3%
in
69.3%
in
69.3%
Where
69.2%
Where
69.2%
Where
69.2%
No
67.6%
No
67.6%
No
67.6%
No
67.6%
man
67.4%
man
67.4%
If
66.3%
If
66.3%
If
66.3%
if
66.3%
at
65.6%
at
65.6%
at
65.6%
at
65.6%
Strange
63.9%
Strange
63.9%
Strange
63.8%
Strange
63.8%
things
63.5%
would
63.5%
things
63.5%
would
63.5%
up
63.5%
up
63.5%
up
63.5%
things
63.5%
would
63.5%
up
63.5%
things
63.5%
would
63.5%
% Correct
up
63.5%
happen
62.8%
happen
62.8%
happen
62.8%
happen
62.8%
three
62.2%
say
61.7%
here
60.7%
here
60.7%
here
60.7%
here
60.7%
stranger
60.4%
stranger
60.4%
stranger
60.4%
stranger
60.4%
murdered
59.8%
met
57.1%
met
57.1%
met
57.1%
met
57.1%
midnight
57%
midnight
57%
midnight
57%
midnight
57%
did
56.8%
did
56.8%
did
56.8%
did
56.8%
love
55.4%
strung
55.4%
for
54.6%
so
49.6%
of
49.3%
by
45.6%
his
44.6%
run
44.5%
dead
44.2%
told
44.1%
free
43%
out
42.9%
flee
42.3%
with
41.6%
called
40.4%
rope,
40.1%
both
38.7%
necklace
38.5%
we'd
36.4%
side
34.5%
side
34.5%
Wear
31.4%
Remove Ads.
Support Sporcle.
Get the best of Sporcle when you Go Orange. This ad-free experience offers more features, more stats, and more fun while also helping to support Sporcle. Thank you for becoming a member.

You're not logged in!

Compare scores with friends on all Sporcle quizzes.
OR
Log In

Show Comments

Extras

Top Quizzes Today


Score Distribution

Your Account Isn't Verified!

In order to create a playlist on Sporcle, you need to verify the email address you used during registration. Go to your Sporcle Settings to finish the process.

Report this User

Report this user for behavior that violates our Community Guidelines.

Details: